000 00449nam a2200181Ia 4500
008 240510s9999 xx 000 0 und d
020 _a9789556528534
041 _asih
082 _a362.196.994
082 _bS13
100 _aSCHREIBER;D.S. Trans:YAPA;G.
245 0 _aPilikawata Piliyamak Jeewithayata Nawa Magak
260 _bColombo:Wijesuriya Grantha Kendraya
260 _c2011
300 _a209 p.
942 _2ddc
942 _cLBK
999 _c28922
_d28922
945 _a1
_bMadushi Gamage
_c1
_dMadushi Gamage